=LDR 00000nam 2200000 4500 =001 INLIS000000000011944 =005 20130612103506 =008 ***********************************Ind** =035 ##$$0010-061300000011944 =041 ##$$a Ind =082 ##$$a 415.14 =090 ##$$a 415.14, Ric t =100 ##$$a Ricoueur, Paul =245 ##$$a Teori Penapsiran Wacana dan makna tambah, Paul Ricoeur; Penerjemah, Hami'ah =260 ##$$a 1996 $b Jakarta =300 ##$$a ix,101 hlm., 21 cm =650 ##$$a Bahasa Indonesia =650 ##$$a Semantik =700 ##$$a Hami'ah =850 ##$$a NBPNMAT